01327nam a2200205Ia 4500001001300000003001000013005001700023008004100040040002500081041000700106100002600113245005800139260006200197300001200259500007900271501002900350520070600379650002501085654001101110b4950-29794 IT-MiCISF20251116001412.0161014s9999||||xx |||||||||||||| ||und|| aIT-MiCISFcIT-MiCISF ait aMozzanica Carlo Mario 0aServizi alla persona.bUn'organizzazione (in)compiuta a Saronno (Va), bMonti, c2000 [Edizione originale: 1998] app. 342 a/ servizi-sociali, società, sanità, famiglia, welfare, legislazione /  anuova edizione ampliata  aIl volume affronta il tema dell'organizzazione dei servizi alla persona attraverso un percorso concentrico, che, a partire da una riflessione antropologica generale, passa per una definizione delle responsabilità solidaristiche pubbliche, per arrivare ad analizzare puntualmente i dispositivi legislativi che normano il sistema socio-assistenziale. Di particolare interesse la costante attenzione ai differenti paradigmi di approccio ai problemi implicati, che ben descrive la necessaria "relativizzazione" delle strategie operative di intervento, e sconsiglia al contempo l'adozione di riferimenti teorici e modelli operativi univoci e rigidi. Per studiosi e responsabili dei servizi alla persona. aServizi-alla-persona asaggio